000 00903nam a22003017a 4500
003 CHAP
005 20220329135148.0
008 971013s1977 r 00010 d
010 _a31936
011 _a32908
035 _a37023
040 _cCHAP
082 _a519.2
_bN48
100 0 0 _aNeuts, Marcel F.
_980955
245 _aAlgorithmic methods in probability
260 _aAmsterdam :
_bNorth-Holland,
_c1977
300 _a294 p.
490 _aStudies in the management sciences
_v; 7
590 _aBATCH-UPD
_b10
_c20130109
_lUCH01
_h2339
590 _aBATCH-UPD
_b10
_c20130110
_lUCH01
_h1628
590 _aCONVERSION
_b10
_c20130109
_lUCH01
_h1318
650 1 4 _aAlgoritmos.
_94077
650 1 4 _aProbabilidades.
_991687
830 0 _aStudies in the management sciences
_v; 7
_9110086
901 _aBK
942 _cLIBRO
949 _a519.2 N48
_bBC
_cLIBRO
_d33724000436697
_eLIBRO
_h55373
_i37023
_si
999 _c31936
_d31936